00265nam a2200109 4500020001500000082002000015100001800035245003900053260003900092300000700131650001700138 a9552307457 a576 RANb007537 aRanawaka,Gaya aLearning About Parasitic Flatworms bOpen University of Sri Lankac1999 a89 aParasitology